Library of the University of Algiers 3
Ibrahim Sultan Cheibout
شعار جامعة الجزائر 3
مكتبة جامعة الجزائر 3
إبراهيم سلطان شيبوط

التنفيذ المباشر للسندات التنفيذية : (رقم التسجيلة. 45394)

تفاصيل مارك
000 -LEADER
fixed length control field 01102nam a2200241Ia 4500
003 - CONTROL NUMBER IDENTIFIER
control field Ost
005 - DATE AND TIME OF LATEST TRANSACTION
control field 20260507075640.0
008 - FIXED-LENGTH DATA ELEMENTS--GENERAL INFORMATION
fixed length control field 260507s9999||||xx |||||||||||||| ||und||
040 ## - CATALOGING SOURCE
Transcribing agency fsecg
041 ## - LANGUAGE CODE
Language code of text/sound track or separate title ara
082 ## - DEWEY DECIMAL CLASSIFICATION NUMBER
Classification number 347.09
100 ## - MAIN ENTRY--PERSONAL NAME
Personal name النيداني، حسن
Relator term مؤلف
245 #0 - TITLE STATEMENT
Title التنفيذ المباشر للسندات التنفيذية :
Remainder of title دراسة تحليلية /
Statement of responsibility, etc. حسن النيداني
260 ## - PUBLICATION, DISTRIBUTION, ETC.
Place of publication, distribution, etc. الإسكندرية:
Name of publisher, distributor, etc. دار الجامعة الجديدة,
Date of publication, distribution, etc. 2001
300 ## - PHYSICAL DESCRIPTION
Extent 342 صفحة؛
Dimensions 24 سم
490 ## - SERIES STATEMENT
Series statement المكتبة القانونية
504 ## - BIBLIOGRAPHY, ETC. NOTE
Bibliography, etc. note المراجع ص.319
520 ## - SUMMARY, ETC.
Summary, etc. رابطة التنفيذ المباشر سبب التنفيذ المباشر ،محل وأشخاص التنفيذ المباشر ،النظام القانوني للتنفيذ المباشر ،مقدمات وإجراءات التنفيذ المباشر ،عوارض التنفيذ الجبري المباشر ومنازاعاته
653 ## - INDEX TERM--UNCONTROLLED
Uncontrolled term التنفيذ
653 ## - INDEX TERM--UNCONTROLLED
Uncontrolled term التنفيذ الجبري
653 ## - INDEX TERM--UNCONTROLLED
Uncontrolled term السندات
942 ## - ADDED ENTRY ELEMENTS (KOHA)
Koha item type كتب
المقتنيات
Withdrawn status Lost status Source of classification or shelving scheme Damaged status Not for loan Home library Current library Date acquired Serial enumeration / chronology Inventory number Total checkouts Full call number Barcode Date last seen Price effective from Koha item type
    Dewey Decimal Classification   NOT LOAN / إعارة داخلية مكتبة كلية العلوم الإقتصادية والعلوم التجارية وعلوم التسيير مكتبة كلية العلوم الإقتصادية والعلوم التجارية وعلوم التسيير 07/05/2026 الطابق الأرضي 899/1   أ/899ن1 899/1 07/05/2026 07/05/2026 كتب

موارد الويب المفتوحة


© University of Algiers 3 All Rights Reserved
|
Implemented by LECHELAH Riad